[Event "Quebec-ch U10"]
[Site "Montreal CAN"]
[Date "2009.11.28"]
[Round "2"]
[White "Chang, Michael"]
[Black "Morin-Pare, Eloi"]
[Result "1-0"]
[WhiteElo "1588"]
[BlackElo "979"]
[PlyCount "93"]
[GameId "2160767910030099"]
[EventDate "2009.11.27"]
[EventType "swiss"]
[EventRounds "5"]
[EventCountry "CAN"]
[SourceTitle "hb 2010.01"]

1. e4 e5 2. Nf3 Nc6 3. d4 d6 4. dxe5 dxe5 5. Qxd8+ Nxd8 6. Nxe5 Nf6 7. Bd3 Bd6 8. Nf3 Bc5 9. O-O Bd6 10. Re1 Bc5 11. Nc3 O-O 12. Bg5 Ng4 13. Be3 b6 14. Bxc5 bxc5 15. h3 Nf6 16. e5 Nd7 17. Rad1 Nb6 18. b3 Bb7 19. Be4 h6 20. Bxb7 Nxb7 21. Nd5 Rad8 22. Nxc7 Rd7 23. Rxd7 Nxd7 24. Rd1 Rd8 25. e6 Nf6 26. exf7+ Kf8 27. Ne6+ Kxf7 28. Nxd8+ Nxd8 29. Rxd8 Ke7 30. Ra8 g5 31. Rxa7+ Ke6 32. Nxg5+ hxg5 33. a4 Kd5 34. a5 Kc6 35. Ra6+ Kb5 36. Rxf6 Kxa5 37. f4 gxf4 38. h4 Kb4 39. Kf2 Kc3 40. h5 Kxc2 41. h6 Kxb3 42. h7 c4 43. h8=Q c3 44. Rb6+ Kc2 45. Qh1 f3 46. Qb1+ Kd2 47. Rd6# 1-0

[Event "Quebec-ch U10"]
[Site "Montreal CAN"]
[Date "2009.11.28"]
[Round "2"]
[White "Gervais, Emile"]
[Black "Saint-Cyr, Xavier"]
[Result "1-0"]
[WhiteElo "1386"]
[BlackElo "1046"]
[PlyCount "79"]
[GameId "2160767910030101"]
[EventDate "2009.11.27"]
[EventType "swiss"]
[EventRounds "5"]
[EventCountry "CAN"]
[SourceTitle "hb 2010.01"]

1. e4 e5 2. Nf3 Nc6 3. Bc4 Nf6 4. Ng5 d5 5. exd5 Nxd5 6. Nxf7 Kxf7 7. Qf3+ Ke6 8. Nc3 Ncb4 9. Bb3 c6 10. a3 Na6 11. Ba2 Qf6 12. Qd3 Bc5 13. O-O Kd6 14. Bxd5 cxd5 15. Nxd5 Bd4 16. Nxf6 gxf6 17. c3 Nc5 18. Qf3 Bxc3 19. Qxf6+ Kd5 20. Qxh8 Bd4 21. Qxh7 Be6 22. Rb1 Rf8 23. b4 Rf7 24. Qh5 Rf5 25. Qe8 Bd7 26. Qd8 Kd6 27. bxc5+ Bxc5 28. Rxb7 Rf7 29. h4 Bb6 30. Qb8+ Ke6 31. Rd1 Bxf2+ 32. Kh2 Rh7 33. Qg8+ Rf7 34. Rxd7 Kxd7 35. Qxf7+ Kd6 36. Qxf2 a5 37. Qb6+ Kd5 38. Qxa5+ Ke4 39. Re1+ Kd3 40. Qc3# 1-0

[Event "Quebec-ch U10"]
[Site "Montreal CAN"]
[Date "2009.11.28"]
[Round "2"]
[White "Saine, Zachary"]
[Black "Zhu, Hong Rui"]
[Result "0-1"]
[WhiteElo "1359"]
[BlackElo "1704"]
[PlyCount "68"]
[GameId "2160767910030102"]
[EventDate "2009.11.27"]
[EventType "swiss"]
[EventRounds "5"]
[EventCountry "CAN"]
[SourceTitle "hb 2010.01"]

1. e4 c5 2. d3 Nc6 3. Nc3 d6 4. f4 g6 5. Nf3 Bg7 6. Bd2 e6 7. g4 Nge7 8. g5 d5 9. h4 d4 10. Ne2 e5 11. Ng3 Qc7 12. h5 Rg8 13. h6 Bh8 14. Qc1 Be6 15. Nh4 f5 16. Ng2 O-O-O 17. c3 Kb8 18. a4 Bc8 19. cxd4 Nxd4 20. Nh4 Nb3 21. Qd1 Nxa1 22. Qxa1 exf4 23. Qc1 fxg3 24. Bf4 Be5 25. Be3 b6 26. exf5 Nxf5 27. Nxf5 Bxf5 28. Qd1 Rge8 29. Bg2 Bd4 30. O-O Bxe3+ 31. Kh1 Rd4 32. Qf3 Rh4+ 33. Bh3 Rxh3+ 34. Kg2 Rh2# 0-1

[Event "Quebec-ch U10"]
[Site "Montreal CAN"]
[Date "2009.11.28"]
[Round "3"]
[White "Lingyun, Shi"]
[Black "Gervais, Emile"]
[Result "1-0"]
[WhiteElo "1201"]
[BlackElo "1386"]
[PlyCount "137"]
[GameId "2160767910030103"]
[EventDate "2009.11.27"]
[EventType "swiss"]
[EventRounds "5"]
[EventCountry "CAN"]
[SourceTitle "EXT 2011"]
[Source "ChessBase"]
[SourceDate "2011.11.26"]
[SourceVersion "1"]
[SourceVersionDate "2011.11.26"]
[SourceQuality "1"]

1. e4 e5 2. Nf3 Nc6 3. Bb5 Bc5 4. d3 a6 5. Bxc6 dxc6 6. Nxe5 Bxf2+ 7. Kxf2 Qd4+ 8. Ke1 Qxe5 9. Nc3 c5 10. Qf3 f5 11. Bf4 fxe4 12. Bxe5 exf3 13. Bxg7 fxg2 14. Rg1 Bh3 15. Bxh8 O-O-O 16. Kd2 Rf8 17. Ke2 Ne7 18. Ne4 Ng6 19. Bf6 Nf4+ 20. Kf3 Nd5 21. Kg3 Nxf6 22. Nxf6 Rxf6 23. Kxh3 Rb6 24. b3 Rd6 25. Rxg2 b5 26. Rf1 a5 27. Rg8+ Kb7 28. Rf5 Kb6 29. Rb8+ Kc6 30. Rxb5 Kxb5 31. Kg3 Rg6+ 32. Kf2 Rh6 33. Kg1 Rg6+ 34. Kh1 Re6 35. Rf2 h5 36. h4 Rg6 37. Rf5 Rh6 38. Kh2 c6 39. Kg3 Rg6+ 40. Rg5 Rh6 41. Kf4 Rf6+ 42. Rf5 Rh6 43. Kg5 Rh8 44. Rf6 Rg8+ 45. Rg6 Rf8 46. Kxh5 Rf1 47. Kg5 Rh1 48. h5 Kb6 49. h6 Kb5 50. Kf6 Rh2 51. Kg7 Rxc2 52. h7 Rh2 53. h8=Q Rxh8 54. Kxh8 Kb6 55. Kg7 Kb5 56. Kf6 Kb4 57. Ke5 Ka3 58. Rxc6 Kxa2 59. Rxc5 Kxb3 60. Rxa5 Kb4 61. Ra1 Kc5 62. d4+ Kc6 63. d5+ Kc7 64. d6+ Kd7 65. Ra7+ Kd8 66. Ke6 Kc8 67. Rc7+ Kd8 68. Rc1 Ke8 69. Rc8# 1-0

[Event "Quebec-ch U10"]
[Site "Montreal CAN"]
[Date "2009.11.28"]
[Round "3"]
[White "Morin-Pare, Eloi"]
[Black "Saine, Zachary"]
[Result "0-1"]
[WhiteElo "1359"]
[BlackElo "979"]
[PlyCount "140"]
[GameId "2160767910030104"]
[EventDate "2009.11.27"]
[EventType "swiss"]
[EventRounds "5"]
[EventCountry "CAN"]
[SourceTitle "hb 2010.01"]

1. e4 e5 2. Nf3 Nc6 3. Bb5 a6 4. Bxc6 dxc6 5. Nxe5 Qd4 6. Nf3 Qxe4+ 7. Qe2 Qxe2+ 8. Kxe2 Bg4 9. Re1 O-O-O 10. Kf1 Nf6 11. Ng5 Bh5 12. g3 h6 13. Ne4 Be7 14. c4 Rd4 15. Nec3 Rd7 16. a4 Bg4 17. Kg1 Bc5 18. Re5 Ba7 19. Ne4 Ne8 20. Nbc3 f6 21. Ra5 Bb6 22. Nc5 Re7 23. b4 Bh3 24. Bb2 Bxa5 25. bxa5 Nd6 26. Ba3 Nxc4 27. Nxa6 Nxa3 28. Nb4 Rhe8 29. Nd3 Nc4 30. Rd1 Nxd2 31. f4 Nf3+ 32. Kf2 h5 33. Kxf3 Bg4+ 34. Kf2 Bxd1 35. Nxd1 Rd7 36. N1b2 Rf7 37. Nb4 Rd8 38. Nc4 Rd4 39. a6 Kd7 40. axb7 Rf8 41. Na6 Rxc4 42. b8=Q Rxb8 43. Nxb8+ Kc8 44. Na6 Rxa4 45. Nc5 Rc4 46. Na6 Ra4 47. Nc5 Ra5 48. Nb3 Rd5 49. Kg2 c5 50. Kf3 Rd3+ 51. Ke4 Rxb3 52. Kd5 c6+ 53. Kxc5 Kd7 54. f5 Rb5+ 55. Kc4 Kd6 56. h3 Rb8 57. g4 h4 58. Kd4 c5+ 59. Kc4 Rc8 60. Kd3 Ke5 61. Kc4 Kf4 62. Kd3 c4+ 63. Kc3 Kg3 64. g5 Kxh3 65. g6 Kg3 66. Kd2 h3 67. Kc3 h2 68. Kd2 h1=Q 69. Ke2 Rd8 70. Ke3 Qf3# 0-1

[Event "Quebec-ch U10"]
[Site "Montreal CAN"]
[Date "2009.11.28"]
[Round "3"]
[White "Saint-Cyr, Xavier"]
[Black "Zhu, Boyu"]
[Result "0-1"]
[WhiteElo "1046"]
[BlackElo "962"]
[PlyCount "152"]
[GameId "2160767910030105"]
[EventDate "2009.11.27"]
[EventType "swiss"]
[EventRounds "5"]
[EventCountry "CAN"]
[SourceTitle "hb 2010.01"]

1. e4 e5 2. Nf3 Nc6 3. Bc4 Nf6 4. Nc3 d6 5. h3 Qe7 6. O-O Be6 7. Bb3 O-O-O 8. Ba4 Qd7 9. Nb5 Kb8 10. Nc3 d5 11. Nxe5 Qe8 12. Nxc6+ bxc6 13. exd5 Nxd5 14. Nxd5 Bxd5 15. Re1 Qd7 16. d4 Re8 17. Bf4 Bd6 18. Bxd6 Qxd6 19. Rxe8+ Rxe8 20. Bb3 Bxb3 21. axb3 c5 22. c3 cxd4 23. Qxd4 Qxd4 24. cxd4 Re2 25. Rc1 Rxb2 26. Rc3 Rb1+ 27. Kh2 Rd1 28. Rf3 f6 29. Rg3 g6 30. Rf3 f5 31. Rf4 Rd3 32. b4 Kb7 33. g4 fxg4 34. Rxg4 Kb6 35. Re4 Kb5 36. Re7 Kxb4 37. Rxc7 a5 38. Rb7+ Ka3 39. Rxh7 Rxd4 40. Rb7 Rb4 41. Ra7 a4 42. Kg1 Kb2 43. Re7 a3 44. Re2+ Kb3 45. Re3+ Ka2 46. Kf1 Rb3 47. Re4 Rxh3 48. Ke2 Kb2 49. Rd4 a2 50. Rd2+ Ka3 51. Rd1 Rb3 52. f4 Rb1 53. Rd3+ Kb4 54. Rd4+ Kc5 55. Ra4 a1=Q 56. Rxa1 Rxa1 57. Kf3 Ra3+ 58. Kg4 Kd5 59. Kg5 Rf3 60. Kxg6 Rxf4 61. Kg5 Rf8 62. Kg6 Ke5 63. Kg7 Rf1 64. Kg6 Rf2 65. Kg7 Ke6 66. Kg8 Ke7 67. Kg7 Rg2+ 68. Kh6 Kf7 69. Kh5 Kf6 70. Kh4 Kf5 71. Kh3 Rg8 72. Kh4 Rg7 73. Kh3 Kf4 74. Kh2 Kf3 75. Kh1 Kf2 76. Kh2 Rh7# 0-1

[Event "Quebec-ch U10"]
[Site "Montreal CAN"]
[Date "2009.11.28"]
[Round "3"]
[White "Wang, Kelly"]
[Black "Chang, Michael"]
[Result "1/2-1/2"]
[WhiteElo "1531"]
[BlackElo "1588"]
[PlyCount "139"]
[GameId "2160767910030107"]
[EventDate "2009.11.27"]
[EventType "swiss"]
[EventRounds "5"]
[EventCountry "CAN"]
[SourceTitle "hb 2010.01"]

1. e4 c6 2. d4 d5 3. Nc3 dxe4 4. Nxe4 Bf5 5. Ng3 Bg6 6. Nf3 Nf6 7. Bc4 e6 8. Bb3 Bd6 9. O-O O-O 10. c3 Nbd7 11. Bc2 Bxc2 12. Qxc2 Rc8 13. Bd2 c5 14. dxc5 Bxc5 15. Bg5 h6 16. Bxf6 Nxf6 17. Rad1 Qb6 18. Qe2 Rfd8 19. b3 Nd5 20. Ne4 Nf4 21. Qb2 Rxd1 22. Rxd1 Rd8 23. Rxd8+ Qxd8 24. Qd2 Qxd2 25. Nfxd2 Be7 26. f3 f5 27. Ng3 Kf7 28. a4 Bc5+ 29. Kf1 Be3 30. Nc4 Bc5 31. b4 Be7 32. Na5 Nd5 33. Ne2 Nb6 34. Nxb7 Nxa4 35. Na5 Bd6 36. b5 Nc5 37. Nc6 a6 38. b6 e5 39. c4 Ke8 40. Nc3 Kd7 41. Na5 Kc8 42. Nd5 Nb7 43. Nc6 a5 44. Na7+ Kd7 45. Nb5 a4 46. Ndc3 a3 47. Ke2 Kc6 48. Kd2 Kxb6 49. Kc2 Be7 50. Nd5+ Kc5 51. Nxe7 a2 52. Kb2 Kxc4 53. Nc7 Nd6 54. Kxa2 e4 55. Ncd5 Kd4 56. Kb2 Kd3 57. Nf4+ Kd2 58. Ned5 Nb5 59. Kb3 e3 60. Kc4 Na3+ 61. Kd4 g5 62. Nxe3 Nb5+ 63. Ke5 Kxe3 64. Nd5+ Kf2 65. Kxf5 Kxg2 66. f4 Kf3 67. fxg5 Nd6+ 68. Ke6 hxg5 69. Kxd6 g4 70. Nf6 1/2-1/2

[Event "Quebec-ch U10"]
[Site "Montreal CAN"]
[Date "2009.11.29"]
[Round "4"]
[White "Brichko, Kate"]
[Black "Saint-Cyr, Xavier"]
[Result "0-1"]
[WhiteElo "936"]
[BlackElo "1046"]
[PlyCount "72"]
[GameId "2160767910030109"]
[EventDate "2009.11.27"]
[EventType "swiss"]
[EventRounds "5"]
[EventCountry "CAN"]
[SourceTitle "hb 2010.01"]

1. e4 e5 2. Bc4 Nc6 3. d3 Bc5 4. Nf3 d6 5. Ng5 Be6 6. Bxe6 fxe6 7. Nxe6 Qe7 8. Nxc5 dxc5 9. Nc3 O-O-O 10. a4 Rf8 11. Nd5 Qd6 12. b3 Nf6 13. Nc3 h5 14. Nb5 Qd7 15. Ba3 a6 16. Nc3 Qd4 17. Bb2 Ng4 18. Rf1 Nxf2 19. Rb1 Nxd1 20. Rxf8+ Rxf8 21. Ne2 Qf2+ 22. Kd2 Nxb2 23. Rxb2 Nd4 24. Kc3 Nxe2+ 25. Kc4 Qxg2 26. c3 Qxh2 27. Kxc5 Rf2 28. Rb1 Nxc3 29. Re1 Rc2 30. Rf1 Nxe4+ 31. Kd5 Nf6+ 32. Ke6 Qh3+ 33. Ke7 Qxf1 34. b4 Qxd3 35. Kf7 Qd7+ 36. Kg6 Rg2# 0-1

[Event "Quebec-ch U10"]
[Site "Montreal CAN"]
[Date "2009.11.29"]
[Round "4"]
[White "Chang, Michael"]
[Black "Zhu, Hong Rui"]
[Result "0-1"]
[WhiteElo "1588"]
[BlackElo "1704"]
[PlyCount "88"]
[GameId "2160767910030110"]
[EventDate "2009.11.27"]
[EventType "swiss"]
[EventRounds "5"]
[EventCountry "CAN"]
[SourceTitle "hb 2010.01"]

1. e4 c5 2. Nf3 d6 3. d4 cxd4 4. Nxd4 Nf6 5. Nc3 g6 6. Be2 Bg7 7. O-O O-O 8. Be3 Nc6 9. Kh1 Bd7 10. h3 Rc8 11. Nb3 b6 12. Qd2 Ne5 13. Rad1 Nc4 14. Bxc4 Rxc4 15. f3 Qa8 16. Rfe1 Rfc8 17. Bh6 Qb8 18. Bxg7 Kxg7 19. Re2 Qc7 20. Nd4 a6 21. Nd5 Nxd5 22. exd5 Re8 23. Rde1 e5 24. dxe6 fxe6 25. Nxe6+ Bxe6 26. Rxe6 Rxe6 27. Rxe6 Kf7 28. Qd5 Rc5 29. Qxd6 Qxd6 30. Rxd6 Rxc2 31. Rxb6 g5 32. Rxa6 Rxb2 33. a4 Ra2 34. Kh2 h5 35. a5 Kg7 36. Kg3 h4+ 37. Kg4 Rxg2+ 38. Kf5 Rg3 39. Rg6+ Kf7 40. Rxg5 Rxh3 41. Ke4 Rh1 42. a6 Ra1 43. Rh5 Rxa6 44. Rxh4 Ra4+ 0-1

[Event "Quebec-ch U10"]
[Site "Montreal CAN"]
[Date "2009.11.29"]
[Round "4"]
[White "Gao, Catherine"]
[Black "Wang, Kelly"]
[Result "0-1"]
[WhiteElo "676"]
[BlackElo "1531"]
[PlyCount "80"]
[GameId "2160767910030112"]
[EventDate "2009.11.27"]
[EventType "swiss"]
[EventRounds "5"]
[EventCountry "CAN"]
[SourceTitle "hb 2010.01"]

1. e4 c5 2. Nf3 d6 3. Bc4 Nf6 4. Nc3 Bg4 5. h3 Bh5 6. g4 Bg6 7. d3 e6 8. Bf4 Be7 9. Qd2 O-O 10. O-O-O a6 11. g5 Nfd7 12. h4 Bh5 13. Rh3 b5 14. Bb3 Nc6 15. a3 Nd4 16. Nxd4 cxd4 17. Ne2 Rc8 18. Bg3 Nc5 19. f4 Nxb3+ 20. Kb1 Nxd2+ 21. Rxd2 Bxe2 22. Rxe2 Qd7 23. h5 e5 24. h6 Qxh3 25. hxg7 Qxg3 26. gxf8=Q+ Kxf8 27. f5 Bxg5 28. a4 Qf4 29. Re1 Rxc2 30. Kxc2 Qd2+ 31. Kb3 bxa4+ 32. Kxa4 Qxe1 33. b3 Bd8 34. Ka3 Qd2 35. f6 Ba5 36. b4 Qxb4+ 37. Ka2 Qc3 38. Kb1 Bb4 39. Ka2 Qc2+ 40. Ka1 Bc3# 0-1

[Event "Quebec-ch U10"]
[Site "Montreal CAN"]
[Date "2009.11.29"]
[Round "4"]
[White "Gao, Christine"]
[Black "Morin-Pare, Eloi"]
[Result "1-0"]
[WhiteElo "1058"]
[BlackElo "979"]
[PlyCount "199"]
[GameId "2160767910030113"]
[EventDate "2009.11.27"]
[EventType "swiss"]
[EventRounds "5"]
[EventCountry "CAN"]
[SourceTitle "hb 2010.01"]

1. e4 e5 2. Nf3 Nc6 3. d4 f6 4. Nc3 Bb4 5. dxe5 fxe5 6. Bd2 Nf6 7. Bd3 Qe7 8. Qe2 b6 9. a3 Bd6 10. Nd5 Nxd5 11. exd5 Nd4 12. Nxd4 exd4 13. Qxe7+ Bxe7 14. h3 Bb7 15. Bc4 O-O-O 16. O-O-O Rhf8 17. Rhf1 Rf7 18. Rde1 Rdf8 19. d6 cxd6 20. Bxf7 Rxf7 21. g3 Bg2 22. Rg1 Bxh3 23. Bf4 g5 24. Bd2 h6 25. Rh1 g4 26. Bxh6 Kd8 27. Re2 Bg2 28. Rhe1 Bf3 29. Rd2 Rh7 30. Bf4 Rf7 31. Rxd4 d5 32. Rd3 Bc5 33. Be3 Re7 34. Bg5 Be4 35. Bxe7+ Bxe7 36. Rde3 Bg5 37. Kd1 Bxe3 38. Rxe3 Bf3+ 39. Kd2 d4 40. Re5 Kc7 41. Kd3 d6 42. Rg5 Kc6 43. Kxd4 d5 44. Rg6+ Kb5 45. b3 a5 46. Ke3 Kc5 47. c3 b5 48. Rg5 a4 49. b4+ Kc4 50. Kd2 Kb3 51. Rg8 Kxa3 52. Kc2 Be4+ 53. Kc1 Kb3 54. Rb8 Bd3 55. Rg8 a3 56. Kd2 a2 57. Ra8 Be4 58. Kc1 d4 59. Ra5 d3 60. Ra7 d2+ 61. Kxd2 Kb2 62. Ke3 Bb7 63. Kd4 Bc8 64. Kc5 Be6 65. Kxb5 Kxc3 66. Kc5 Kb3 67. b5 Bc8 68. Kc6 Be6 69. b6 Bf5 70. b7 Be4+ 71. Kc7 Bxb7 72. Kxb7 Kb2 73. Kc6 a1=Q 74. Rxa1 Kxa1 75. Kd5 Kb2 76. Ke4 Kc3 77. Kf4 Kd4 78. Kxg4 Ke5 79. Kg5 Ke6 80. Kg6 Ke5 81. f4+ Ke6 82. f5+ Ke7 83. Kg7 Ke8 84. f6 Kd7 85. f7 Kd6 86. f8=Q+ Kd5 87. Qe8 Kd6 88. Kf6 Kc7 89. Ke6 Kb6 90. Kd6 Kb7 91. Qd7+ Kb6 92. Qc7+ Kb5 93. Qc6+ Kb4 94. Kd5 Kb3 95. Kd4 Kb2 96. Qc3+ Kb1 97. Kd3 Ka2 98. Qb4 Ka1 99. Kc2 Ka2 100. Qb2# 1-0

[Event "Quebec-ch U10"]
[Site "Montreal CAN"]
[Date "2009.11.29"]
[Round "4"]
[White "Gervais, Emile"]
[Black "Boissiere, Nicolas"]
[Result "1-0"]
[WhiteElo "1386"]
[BlackElo "1023"]
[PlyCount "81"]
[GameId "2160767910030114"]
[EventDate "2009.11.27"]
[EventType "swiss"]
[EventRounds "5"]
[EventCountry "CAN"]
[SourceTitle "hb 2010.01"]

1. e4 e5 2. Nf3 Nc6 3. Bc4 Nf6 4. Ng5 d5 5. exd5 Na5 6. d3 Nxc4 7. dxc4 h6 8. Nf3 Bd6 9. O-O O-O 10. Nc3 Bg4 11. Re1 c5 12. h3 Bh5 13. Qd3 Re8 14. Nh4 Nh7 15. Nf5 Bb8 16. d6 Qd7 17. Ne7+ Kh8 18. Rxe5 Bxd6 19. Rxh5 Rxe7 20. Rd5 Re1+ 21. Qf1 Rxf1+ 22. Kxf1 Qe6 23. Be3 Re8 24. Nb5 Bh2 25. Rxc5 a6 26. Nc7 Bxc7 27. Rxc7 Rc8 28. Rxb7 Qxc4+ 29. Kg1 Qxc2 30. Rxf7 Qxb2 31. Rd1 Ng5 32. Rxg7 Ne6 33. Rg6 Qe2 34. Rxh6+ Kg7 35. Rd7+ Kg8 36. Rg6+ Kf8 37. Rh7 Qd1+ 38. Kh2 Qa1 39. Bh6+ Ke8 40. Rg8+ Nf8 41. Rxf8# 1-0

[Event "Quebec-ch U10"]
[Site "Montreal CAN"]
[Date "2009.11.29"]
[Round "4"]
[White "Zhu, Boyu"]
[Black "Lingyun, Shi"]
[Result "0-1"]
[WhiteElo "962"]
[BlackElo "1201"]
[PlyCount "99"]
[GameId "2160767910030115"]
[EventDate "2009.11.27"]
[EventType "swiss"]
[EventRounds "5"]
[EventCountry "CAN"]
[SourceTitle "EXT 2011"]
[Source "ChessBase"]
[SourceDate "2011.11.26"]
[SourceVersion "1"]
[SourceVersionDate "2011.11.26"]
[SourceQuality "1"]

1. e4 c5 2. f3 d6 3. d3 Nc6 4. Nc3 Nf6 5. b3 g6 6. Bb2 Bg7 7. f4 O-O 8. f5 Bd7 9. fxg6 fxg6 10. Nf3 Bg4 11. h3 Bxf3 12. gxf3 Nh5 13. Rg1 Ne5 14. Be2 Nf4 15. Rg3 e6 16. Qd2 Nxe2 17. Qxe2 Qh4 18. Qf2 Rf7 19. O-O-O Raf8 20. Rf1 Bh6+ 21. Kb1 Bf4 22. Ne2 Bxg3 23. Nxg3 Rxf3 24. Qe2 Qxg3 25. Rxf3 Rxf3 26. Bxe5 dxe5 27. Qd2 Rf1+ 28. Kb2 Qg1 29. Qa5 Qd4+ 30. Ka3 Qb4+ 31. Qxb4 cxb4+ 32. Kxb4 Rf3 33. Kc4 Rxh3 34. d4 exd4 35. Kxd4 g5 36. Ke5 Rh6 37. c4 g4 38. Kf4 Rg6 39. c5 h5 40. b4 g3 41. b5 h4 42. c6 bxc6 43. bxc6 e5+ 44. Kxe5 Rxc6 45. Kf4 Rg6 46. e5 g2 47. e6 g1=Q 48. a4 h3 49. e7 Qg3+ 50. Kf5 0-1

[Event "Quebec-ch U10"]
[Site "Montreal CAN"]
[Date "2009.11.29"]
[Round "5"]
[White "Boissiere, Nicolas"]
[Black "Brichko, Kate"]
[Result "1-0"]
[WhiteElo "1023"]
[BlackElo "936"]
[PlyCount "123"]
[GameId "2160767910030117"]
[EventDate "2009.11.27"]
[EventType "swiss"]
[EventRounds "5"]
[EventCountry "CAN"]
[SourceTitle "hb 2010.01"]

1. d4 d5 2. Nc3 Nc6 3. Nf3 Bf5 4. Bf4 Nf6 5. e3 e6 6. Bb5 a6 7. Ba4 Bd6 8. Be5 Be7 9. Bf4 h6 10. Ne5 O-O 11. Bxc6 bxc6 12. Nxc6 Qe8 13. Nxe7+ Qxe7 14. O-O c6 15. Qf3 Bg4 16. Qg3 Bf5 17. Bxh6 Nh5 18. Qg5 f6 19. Qxh5 gxh6 20. Qxh6 Kf7 21. f3 Rh8 22. Qf4 Rag8 23. e4 Bh3 24. Rfe1 dxe4 25. fxe4 Bxg2 26. Re3 Bxe4+ 27. Kf1 Bxc2 28. Rae1 Bf5 29. Qxf5 Kf8 30. Rxe6 Rg5 31. Qxg5 Qf7 32. Rxf6 Rh7 33. Rxf7+ Rxf7+ 34. Qf6 Rxf6+ 35. Ke2 Re6+ 36. Kd2 Rh6 37. Rh1 Rd6 38. Kd3 c5 39. Rf1+ Ke8 40. d5 Rh6 41. Rf2 Rh4 42. Ne4 Kd7 43. Nxc5+ Kd6 44. Nxa6 Kxd5 45. Rf5+ Ke6 46. Rf2 Rh3+ 47. Ke4 Rh4+ 48. Kf3 Ra4 49. Nc5+ Kd5 50. Nxa4 Kc4 51. b3+ Kb4 52. Rc2 Ka3 53. h3 Kb4 54. h4 Ka3 55. h5 Kb4 56. h6 Ka3 57. h7 Kb4 58. h8=Q Kb5 59. Rc5+ Kb4 60. Qc3+ Ka3 61. Qb2+ Kb4 62. a3# 1-0

[Event "Quebec-ch U10"]
[Site "Montreal CAN"]
[Date "2009.11.29"]
[Round "5"]
[White "Gao, Christine"]
[Black "Gao, Catherine"]
[Result "1-0"]
[WhiteElo "1058"]
[BlackElo "676"]
[PlyCount "73"]
[GameId "2160767910030119"]
[EventDate "2009.11.27"]
[EventType "swiss"]
[EventRounds "5"]
[EventCountry "CAN"]
[SourceTitle "hb 2010.01"]

1. e4 e5 2. Nf3 Nc6 3. d4 exd4 4. Nxd4 Nxd4 5. Qxd4 b6 6. Nc3 Bc5 7. Qd3 Nf6 8. Be3 O-O 9. Be2 Bxe3 10. Qxe3 d6 11. O-O Bb7 12. Bf3 Re8 13. Qd3 Qd7 14. Rfe1 Re7 15. Nd5 Nxd5 16. exd5 Rae8 17. Qd2 Qb5 18. Rxe7 Rxe7 19. Qd4 c5 20. Qc3 h6 21. h3 Qd7 22. Re1 Qe8 23. Rxe7 Qxe7 24. Qe3 Qf6 25. Qe8+ Kh7 26. Be4+ g6 27. Bf3 Qxb2 28. Qxf7+ Qg7 29. Qe6 Qa1+ 30. Kh2 Qg7 31. Qxd6 Qf7 32. Qe5 Bc8 33. d6 Bd7 34. Bd5 a6 35. Bxf7 Bf5 36. Qe8 Bxc2 37. Qg8# 1-0

[Event "Quebec-ch U10"]
[Site "Montreal CAN"]
[Date "2009.11.29"]
[Round "5"]
[White "Morin-Pare, Eloi"]
[Black "Saint-Cyr, Xavier"]
[Result "0-1"]
[WhiteElo "979"]
[BlackElo "1046"]
[PlyCount "60"]
[GameId "2160767910030120"]
[EventDate "2009.11.27"]
[EventType "swiss"]
[EventRounds "5"]
[EventCountry "CAN"]
[SourceTitle "hb 2010.01"]

1. e4 e5 2. Nf3 Nc6 3. Nc3 Nf6 4. Bb5 d6 5. b3 g6 6. Bb2 Bg7 7. O-O O-O 8. Nd5 Nxd5 9. exd5 Nd4 10. Nxd4 exd4 11. Re1 a6 12. Bd3 Re8 13. Re2 Bg4 14. f3 Bd7 15. Re4 Rxe4 16. Bxe4 Qf6 17. Qe2 Re8 18. Re1 Bf5 19. d3 c6 20. c4 dxc3 21. Ba1 cxd5 22. Qc2 dxe4 23. dxe4 d5 24. Bxc3 Qxc3 25. Qxc3 Bxc3 26. Rc1 Bd4+ 27. Kf1 dxe4 28. fxe4 Bxe4 29. Re1 Bd3+ 30. Re2 Rxe2 0-1

[Event "Quebec-ch U10"]
[Site "Montreal CAN"]
[Date "2009.11.29"]
[Round "5"]
[White "Saine, Zachary"]
[Black "Zhu, Boyu"]
[Result "1-0"]
[WhiteElo "1359"]
[BlackElo "962"]
[PlyCount "49"]
[GameId "2160767910030121"]
[EventDate "2009.11.27"]
[EventType "swiss"]
[EventRounds "5"]
[EventCountry "CAN"]
[SourceTitle "hb 2010.01"]

1. e4 e5 2. Nf3 Nc6 3. Bc4 Bc5 4. Nc3 Nf6 5. O-O O-O 6. d3 d6 7. Bg5 Bg4 8. Nd5 Re8 9. h3 Bh5 10. c3 Rc8 11. d4 Bb6 12. Re1 h6 13. Nxf6+ gxf6 14. Bxh6 Bg6 15. Nh4 Qd7 16. Nxg6 Kh7 17. Nf8+ Kxh6 18. Nxd7 Kg6 19. Qg4+ Kh7 20. Qh5+ Kg7 21. Qxf7+ Kh6 22. Qxf6+ Kh7 23. Qh4+ Kg7 24. Re3 Rf8 25. Rg3# 1-0

[Event "Quebec-ch U10"]
[Site "Montreal CAN"]
[Date "2009.11.29"]
[Round "5"]
[White "Zhu, Hong Rui"]
[Black "Lingyun, Shi"]
[Result "1/2-1/2"]
[WhiteElo "1704"]
[BlackElo "1201"]
[PlyCount "60"]
[GameId "2160767910030123"]
[EventDate "2009.11.27"]
[EventType "swiss"]
[EventRounds "5"]
[EventCountry "CAN"]
[SourceTitle "EXT 2011"]
[Source "ChessBase"]
[SourceDate "2011.11.26"]
[SourceVersion "1"]
[SourceVersionDate "2011.11.26"]
[SourceQuality "1"]

1. e4 c5 2. Nf3 d6 3. d4 cxd4 4. Nxd4 Nf6 5. Nc3 g6 6. Be3 Bg7 7. f3 Nc6 8. Qd2 O-O 9. O-O-O d5 10. exd5 Nxd5 11. Nxc6 bxc6 12. Bd4 Nf6 13. Qf2 Qa5 14. Bc4 Ba6 15. Bxa6 Qxa6 16. Qe2 Qxe2 17. Nxe2 Nd5 18. Bxg7 Kxg7 19. Nd4 Rac8 20. Rhe1 e6 21. c3 Rfd8 22. g3 Nb6 23. Kc2 Kf6 24. b3 e5 25. Ne2 Nd5 26. Nc1 Kf5 27. Nd3 Re8 28. Nc5 Rb8 29. Ne4 Re6 30. Nc5 Re7 1/2-1/2

[Event "Quebec-ch U12"]
[Site "Montreal CAN"]
[Date "2009.11.27"]
[Round "1"]
[White "Jalali, Salar"]
[Black "Liu, Mu Dong"]
[Result "1-0"]
[WhiteElo "960"]
[BlackElo "1181"]
[PlyCount "103"]
[GameId "2160767910030125"]
[EventDate "2009.11.27"]
[EventType "swiss"]
[EventRounds "5"]
[EventCountry "CAN"]
[SourceTitle "hb 2010.01"]

1. e4 e5 2. Nf3 Nc6 3. Bc4 Nf6 4. d3 d6 5. h3 Na5 6. Bb3 Nxb3 7. axb3 Be7 8. Nc3 c6 9. Bg5 h6 10. Bh4 d5 11. exd5 Nxd5 12. Bxe7 Qxe7 13. O-O O-O 14. Re1 f6 15. d4 Qb4 16. Nxd5 cxd5 17. dxe5 Bf5 18. Qxd5+ Kh8 19. c3 Qb6 20. e6 Bc2 21. b4 Rfd8 22. Qa5 Qxa5 23. bxa5 Bg6 24. e7 Rd7 25. Nh4 Bf7 26. Nf5 g6 27. Nxh6 Kg7 28. Nxf7 Kxf7 29. Kh2 Re8 30. a6 b5 31. Ra5 Rdxe7 32. Rxe7+ Rxe7 33. Rxb5 Re6 34. Rb7+ Re7 35. Rxe7+ Kxe7 36. b4 Kd6 37. b5 g5 38. Kg3 f5 39. f4 gxf4+ 40. Kxf4 Ke6 41. g4 fxg4 42. hxg4 Kf6 43. b6 axb6 44. a7 Ke6 45. a8=Q Kd6 46. g5 Ke6 47. Qc6+ Kf7 48. g6+ Kg7 49. Kg5 b5 50. Qf6+ Kg8 51. Kh6 b4 52. Qg7# 1-0

[Event "Quebec-ch U12"]
[Site "Montreal CAN"]
[Date "2009.11.27"]
[Round "1"]
[White "Nazarian, Arash"]
[Black "Brichko, Michael"]
[Result "0-1"]
[WhiteElo "1266"]
[BlackElo "1692"]
[PlyCount "108"]
[GameId "2160767910030126"]
[EventDate "2009.11.27"]
[EventType "swiss"]
[EventRounds "5"]
[EventCountry "CAN"]
[SourceTitle "EXT 2011"]
[Source "ChessBase"]
[SourceDate "2011.11.26"]
[SourceVersion "1"]
[SourceVersionDate "2011.11.26"]
[SourceQuality "1"]

1. e4 e6 2. Nc3 d5 3. Nf3 dxe4 4. Nxe4 Nd7 5. d4 Ngf6 6. Bd3 b6 7. c4 Bb7 8. Nc3 Be7 9. Bf4 a6 10. a3 c5 11. Be2 O-O 12. Qd3 cxd4 13. Nxd4 e5 14. b4 exf4 15. Bf3 Ne5 16. Qd1 Nxf3+ 17. Nxf3 Qxd1+ 18. Rxd1 Rac8 19. Na4 Rxc4 20. Nxb6 Re4+ 21. Kd2 Re6 22. Na4 Ne4+ 23. Kc2 Nxf2 24. Nd4 Nxd1 25. Nxe6 Ne3+ 26. Kd2 fxe6 27. Nc5 Bxc5 28. bxc5 Rd8+ 29. Kc3 Rd1 30. Rxd1 Nxd1+ 31. Kd4 Bd5 32. Ke5 Nc3 33. Kxf4 Ne4 34. c6 Bxc6 35. g3 Nc5 36. Ke5 Bd5 37. Kd4 Nd7 38. Ke3 e5 39. h4 e4 40. Kd4 h5 41. a4 Nf6 42. a5 Kf7 43. Ke3 Ng4+ 44. Kd2 e3+ 45. Ke1 Bf3 46. Kf1 e2+ 47. Ke1 Ne3 48. g4 Ng2+ 49. Kf2 e1=Q+ 50. Kxf3 hxg4+ 51. Kxg4 Qf2 52. Kh3 Qf3+ 53. Kh2 Nf4 54. h5 Qg2# 0-1